Biggest Biggest Cities - Statistics

General Stats
  • This quiz has been taken 72 times
  • The average score is 26 of 30
Answer Stats
Population City % Correct
14,800,000 London
100%
22,100,000 New York
100%
40,400,000 Tokyo
99%
17,300,000 Moscow
97%
11,400,000 Paris
97%
21,000,000 Cairo
96%
23,000,000 Mexico City
96%
30,300,000 Delhi
94%
16,000,000 Istanbul
94%
31,300,000 Jakarta
91%
13,900,000 Johannesburg
91%
10,100,000 Lima
91%
15,300,000 Tehran
91%
18,800,000 Bangkok
90%
16,400,000 Buenos Aires
90%
46,700,000 Guangzhou
90%
24,800,000 Seoul
90%
25,700,000 Manila
88%
9,600,000 Bogotá
87%
19,400,000 Lagos
87%
8,600,000 Ho Chi Minh City
79%
12,400,000 Kinshasa
79%
20,200,000 Dhaka
76%
17,800,000 Karachi
76%
8,900,000 Kuala Lumpur
76%
22,400,000 São Paulo
68%
7,900,000 Singapore
68%
9,150,000 Taipei
68%
8,050,000 Riyadh
65%
8,150,000 Luanda
54%
No matching quizzes found
Score Distribution
Percent of People with Each Score
Percentile by Number Answered
Your Score History
You have not taken this quiz